00909nam a2200217 i 4500001000300000100002000003245019900023260003400222300002000256504002400276600005200300600004700352650004800399650004600447020001500493040000800508041000800516080002800524008004100552856009800593bg1 aZIMNIAK, Paweł14aDie verlorene Zeit im verlorenen Reich :bChristine Brückners Familiensaga und Leonie Ossowskis Familienchronik /cPaweł Zimniak ; Wyższa Szkoła Pedagogiczna im. Tadeusza Kotarbińskiego. aZielona Góra :bWSP,c1996. a93 s. ;c21 cm. aBibliogr. s. 89-91.19aBrückner, Christine (1921- )xtwórczość19aOssowski, Leonie (1925- )xtwórczość 9aPowieść niemieckaxtematykayod 1945 r. 9aRodzinaxliteratura niemieckayod 1945 r. a8386832134 cBPK0 ager a821.112.2(091)-3"19"A/Z s pl f |000 0 pol  uhttp://koha.tu.koszalin.pl/cgi-bin/koha/opac-detail.pl?biblionumber=45102yKatalog online BPK